| 000 | 00613nam a22001817a 4500 | ||
|---|---|---|---|
| 005 | 20250320112036.0 | ||
| 008 | 240820b ||||| |||| 00| 0 eng d | ||
| 020 | _a9789712380099 | ||
| 082 | _aDFil 174.4 R114 2017 | ||
| 100 |
_aRacelis, Aliza. _958440 |
||
| 245 |
_aBusiness ethics and social responsibility / _cAliza Racelis. |
||
| 250 | _aFirst edition. | ||
| 260 |
_aManila : _bRex Book Store, _c©2017. |
||
| 300 |
_av, 176 pages : _billustrations ; _c25 cm. |
||
| 500 | _aIncludes glossary, references, and index. | ||
| 650 | 0 |
_aBusiness ethics _xIndustries _xSocial aspects. _965789 |
|
| 942 |
_2ddc _cDFIL |
||
| 999 |
_c20683 _d20683 |
||